LEADER 00932nam a2200205 i 4500 001 000000253789 003 CaOOAMICUS 005 20170413000000.0 008 170413s1820 it u000 u ita u 013 $a232694 026 $a.)zo e.in moo. grch (3) 1820 (A) 040 $aSeMil$bita 245 10$aVol. 12. 300 $a275, [1] p., [1] c. di tav. :$bantip. calcogr. 773 0 $aRollin, Charles <1661-1741>$tStoria antica e romana di Carlo Rollin versione ridotta a lezione migliore arricchita di annotazioni di un pił copioso indice delle materie e di incisioni in rame ... Vol. 1. [-48].$dVenezia : Dalla Tipografia di Alvisopoli, 1819-1822 (Venezia : Stampato a cura di Giuseppe Battaggia)$g12$w()4468 850 $aSeMil 852 $aSeMil$W1$xVenegono$y1$m3V VII 12 FA$j204135$B204135$CSeMilBibl$Z2$F217561 $8I 941 1 $a10 961 $aRecupero: Mantegazza 996 $6245$aVol. 12$9(OLS)http://semarc/title/164223 LEADER 00789nam a2200205 i 4500 001 000000074974 003 CaOOAMICUS 005 20070607000000.0 008 070607s1927 it u000 u ita u 013 $a46146 040 $aSeMil$bita 100 1 $aNiccodemi, Dario.$0(OLS)http://semarc/name/37070 245 13$aLa Madonna :$bcommedia in tre atti /$cDario Niccodemi. 260 $aMilano :$bFratelli Treves,$c1927. 300 $a165 p. ;$c19 cm. 650 4$aCommedia italiana - Testi.$0(OLS)http://semarc/subject/15293 850 $aSeMil 852 $aSeMil$W1$xVenegono$y1$m1D V 10$j41126$B41126$CSeMilBibl$Z2$F41130 $81 996 $6245$aLa Madonna :$bcommedia in tre atti$9(OLS)http://semarc/title/121641 996 $6260$aMilano :$bFratelli Treves$9(OLS)http://semarc/publisher/30212